L'Obra de la Comissió Municipal de Responsabilitats
Descripción Física:
110 p. ; 26 cm
MARC
| LEADER | 00000nam a2200000Ia 4500 | ||
|---|---|---|---|
| 001 | 14280 | ||
| 003 | BGR | ||
| 005 | 20260324175553.0 | ||
| 008 | 160829s1933 xx 000 0 cat d | ||
| 080 | |a M-4-192 | ||
| 110 | 1 | |a Barcelona (Catalunya). |b Ajuntament |9 50981 | |
| 245 | |a L'Obra de la Comissió Municipal de Responsabilitats | ||
| 260 | |a Barcelona : |b Impr. A. Ortega, |c 1933 | ||
| 300 | |a 110 p. ; |c 26 cm | ||
| 590 | |a Variant del títol: La Comissió de Responsabilitats | ||
| 611 | 2 | 0 | |a Exposició Internacional de Barcelona |d (1929-1930 : |c Barcelona, Catalunya) |9 55060 |
| 650 | |a Barcelona. Comissió de Responsabilitats |9 33037 | ||
| 650 | |a Urbanització |x Barcelona |x 1931/1933 |9 33038 | ||
| 650 | |a Barcelona |x Política i govern |x 1931/1933 |9 33040 | ||
| 901 | |a Arxiu | ||
| 942 | |n 1 |2 udc |c MON | ||
| 952 | |0 0 |1 0 |4 0 |6 M4192 |7 1 |9 46182 |a Arxiu |b Arxiu |d 2016-12-01 |l 0 |o M-4-192 |p 14280 |r 2016-12-01 00:00:00 |w 2016-12-01 |y ARXIU | ||
| 999 | |c 49684 |d 49684 | ||